000
00307nam a2200121Ia 4500
008
220204s9999 xx 000 0 und d
082
_a
54-4
_b
PIZ.3;2
245
0
_a
Synthetic reagents. V 3
260
_a
Chichester
_b
Ellis Horwood
_c
1977
650
_a
Synthetic reagents
700
_a
Pizey, J S
942
_c
BK
999
_c
28721
_d
28721